000 01479nam a22002297a 4500
005 20250620143028.0
008 250620b |||||||| |||| 00| 0 eng d
020 _a9789352860197
040 _cAL
041 _aeng
082 _223
_a657.42
_bDATH
100 _aSrikant M Datar
_9215691
245 _aHorngrens cost accounting
_b: a managerial emphasis
250 _a16th ed.
260 _aNoida
_bPearson
_c2024
300 _axxiii,1320p.
_bPB
_c25x9cm.
365 _2General
_a1457
_b₹856.00
_c
_d₹1070.00
_e20%
_f17/06/2025
520 _a Cost accounting provides key data to managers for planning and controlling, as well as costing products, services, even customers. Cost Accounting, 16e focuses on how this discipline would help managers make better decisions, as cost accountants are increasingly becoming integral members of company’s decision-making teams. In order to emphasize this prominence in decision making, the authors have used the ‘different costs for different purposes’ theme throughout this book. By focusing on basic concepts, analyses, uses, and procedures instead of procedures alone, they have recognized cost accounting as a managerial tool for business strategy and implementation. This textbook also prepares students for the rewards and challenges they face in the professional cost accounting world of today and tomorrow.
650 _2Accounting
_aCost Accounting
_9215692
700 _aRajan, Madhav V
_9215693
942 _2ddc
_cBK
999 _c234507
_d234507